00638 2200205 4500001002100000005001500021035002000036008004100056245005700097100002200154260005300176300002500229084002000254082001000274650007000284020001800354990002000372990002000392990002000412INLIS00000000000278920241210121845 a0010-1224000321241210 0 ind 1 aPengantar Ilmu Penyakit Tumbuhan /cHaryono Semangun aSemangun, Haryono aYogyakarta :bGadjah Mada Univesity Press,c1996 a754 hlm. ;c15x21 cm a632.3 SEM P C.1 a632.3 4aPenyakit pada Tanaman Pertanian, Penyakit pada Tumbuhan Pertanian a979-420-383-1 a210411200005084 a010411200005466 a010411200005467